<?xml version="1.0" encoding="UTF-8"?>
<record
    xmlns:xsi="http://www.w3.org/2001/XMLSchema-instance"
    xsi:schemaLocation="http://www.loc.gov/MARC21/slim http://www.loc.gov/standards/marcxml/schema/MARC21slim.xsd"
    xmlns="http://www.loc.gov/MARC21/slim">

  <leader>02042nam a2200433 a 4500</leader>
  <controlfield tag="001">dia_3413</controlfield>
  <controlfield tag="003">CHAP</controlfield>
  <controlfield tag="005">20230307184313.0</controlfield>
  <controlfield tag="007">ta</controlfield>
  <controlfield tag="008">220117s1990    mx ad  f      001 0 spa d</controlfield>
  <datafield tag="010" ind1=" " ind2=" ">
    <subfield code="a">173876</subfield>
  </datafield>
  <datafield tag="020" ind1=" " ind2=" ">
    <subfield code="a">84-200-0668-8</subfield>
  </datafield>
  <datafield tag="020" ind1=" " ind2=" ">
    <subfield code="a">978-8420006680</subfield>
  </datafield>
  <datafield tag="040" ind1=" " ind2=" ">
    <subfield code="c">CHAP</subfield>
    <subfield code="a">mxchpua</subfield>
  </datafield>
  <datafield tag="050" ind1=" " ind2=" ">
    <subfield code="a">SF253</subfield>
    <subfield code="b">.B44 1990</subfield>
  </datafield>
  <datafield tag="082" ind1=" " ind2=" ">
    <subfield code="a">637.1</subfield>
    <subfield code="b">B44 1990</subfield>
    <subfield code="2">20</subfield>
  </datafield>
  <datafield tag="100" ind1="1" ind2=" ">
    <subfield code="a">Beernes, Henri</subfield>
    <subfield code="9">154639</subfield>
  </datafield>
  <datafield tag="240" ind1="1" ind2="0">
    <subfield code="a">Guide pratique d'analyse microbiologique des laits et des produits laitiers.</subfield>
    <subfield code="l">Espa&#xF1;ol</subfield>
  </datafield>
  <datafield tag="245" ind1="1" ind2="0">
    <subfield code="a">Gu&#xED;a pr&#xE1;ctica para el an&#xE1;lisis microbiol&#xF3;gico de la leche y los productos l&#xE1;cteos /</subfield>
    <subfield code="c">Henri Beerens y Fran&#xE7;ois M. Luquet</subfield>
  </datafield>
  <datafield tag="250" ind1=" " ind2=" ">
    <subfield code="a">1a edici&#xF3;n</subfield>
  </datafield>
  <datafield tag="260" ind1=" " ind2=" ">
    <subfield code="a">Zaragoza, Espa&#xF1;a :</subfield>
    <subfield code="b">Acribia,</subfield>
    <subfield code="c">1990</subfield>
  </datafield>
  <datafield tag="300" ind1=" " ind2=" ">
    <subfield code="a">x, 151 p&#xE1;ginas :</subfield>
    <subfield code="b">ilustraciones, gr&#xE1;ficas, tablas</subfield>
  </datafield>
  <datafield tag="504" ind1=" " ind2=" ">
    <subfield code="a">Bibliograf&#xED;a: p&#xE1;ginas 143-145</subfield>
  </datafield>
  <datafield tag="505" ind1=" " ind2=" ">
    <subfield code="a">Parte I: La leche cruda. --
Parte II: La leche pasterizada. La leche esterilizada. La leche esterilizada UHT. Las leches conservadas. --
Parte III: Los productos de transformaci&#xF3;n de la leche. La mantequilla y sus derivados. Los quesos. Nata de consumo. Las leches fermentadas. Lactosueros. Caseinatos. Alimentos l&#xE1;cteos diet&#xE9;ticos. Postres l&#xE1;cteos. Helados y cremas heladas. --
Parte IV: Interpretaci&#xF3;n oficial de los criterios microbiol&#xF3;gicos. Detecci&#xF3;n de antibi&#xF3;ticos y sulfamidas en los productos l&#xE1;cteos.</subfield>
  </datafield>
  <datafield tag="650" ind1="1" ind2="7">
    <subfield code="a">Leche</subfield>
    <subfield code="x">Microbiolog&#xED;a </subfield>
    <subfield code="9">65357</subfield>
  </datafield>
  <datafield tag="650" ind1="1" ind2="3">
    <subfield code="a">Leche</subfield>
    <subfield code="x">An&#xE1;lisis </subfield>
    <subfield code="9">65359</subfield>
  </datafield>
  <datafield tag="650" ind1="1" ind2="7">
    <subfield code="a">Productos l&#xE1;cteos</subfield>
    <subfield code="x">An&#xE1;lisis </subfield>
    <subfield code="9">92124</subfield>
  </datafield>
  <datafield tag="650" ind1="1" ind2="7">
    <subfield code="a">Productos l&#xE1;cteos</subfield>
    <subfield code="x">Microbiolog&#xED;a</subfield>
    <subfield code="9">92124</subfield>
  </datafield>
  <datafield tag="650" ind1="1" ind2="3">
    <subfield code="a">Milk</subfield>
    <subfield code="x">Microbiology</subfield>
    <subfield code="9">150572</subfield>
  </datafield>
  <datafield tag="650" ind1="1" ind2="3">
    <subfield code="a">Milk</subfield>
    <subfield code="x">Analysis  </subfield>
    <subfield code="9">157725</subfield>
  </datafield>
  <datafield tag="650" ind1="1" ind2="3">
    <subfield code="a">Dairy products</subfield>
    <subfield code="x">Analysis</subfield>
    <subfield code="9">153450</subfield>
  </datafield>
  <datafield tag="650" ind1="1" ind2="3">
    <subfield code="a">Dairy products</subfield>
    <subfield code="x">Microbiology  </subfield>
    <subfield code="9">151785</subfield>
  </datafield>
  <datafield tag="700" ind1="1" ind2=" ">
    <subfield code="9">154645</subfield>
    <subfield code="a">Luquet, Fran&#xE7;ois M.</subfield>
    <subfield code="e">autor</subfield>
  </datafield>
  <datafield tag="700" ind1="1" ind2=" ">
    <subfield code="9">151798</subfield>
    <subfield code="a">Oria Almud&#xED;, Rosa P.</subfield>
    <subfield code="e">traductora</subfield>
  </datafield>
  <datafield tag="901" ind1=" " ind2=" ">
    <subfield code="a">637.1 B44 1990</subfield>
  </datafield>
  <datafield tag="902" ind1=" " ind2=" ">
    <subfield code="a">M</subfield>
  </datafield>
  <datafield tag="905" ind1=" " ind2=" ">
    <subfield code="a">0000001990                          SP M   0000000000SPA00</subfield>
  </datafield>
  <datafield tag="942" ind1=" " ind2=" ">
    <subfield code="c">LIBRO</subfield>
    <subfield code="2">ddc</subfield>
  </datafield>
  <datafield tag="999" ind1=" " ind2=" ">
    <subfield code="c">173876</subfield>
    <subfield code="d">173876</subfield>
  </datafield>
  <datafield tag="952" ind1=" " ind2=" ">
    <subfield code="0">0</subfield>
    <subfield code="1">0</subfield>
    <subfield code="2">ddc</subfield>
    <subfield code="4">0</subfield>
    <subfield code="5">5</subfield>
    <subfield code="7">0</subfield>
    <subfield code="8">GRAL</subfield>
    <subfield code="a">IA_</subfield>
    <subfield code="b">IA_</subfield>
    <subfield code="d">1993-05-28</subfield>
    <subfield code="e">Compra Librer&#xED;a Patena F. 091 / R. (28-05-93)</subfield>
    <subfield code="g">152.00</subfield>
    <subfield code="i">C/e</subfield>
    <subfield code="l">3</subfield>
    <subfield code="o">637.1 B44 1990</subfield>
    <subfield code="p">1102003769</subfield>
    <subfield code="r">2023-06-15 00:00:00</subfield>
    <subfield code="s">2023-06-15</subfield>
    <subfield code="t">Ej. 5</subfield>
    <subfield code="y">LIBRO</subfield>
  </datafield>
  <datafield tag="952" ind1=" " ind2=" ">
    <subfield code="0">0</subfield>
    <subfield code="1">0</subfield>
    <subfield code="2">ddc</subfield>
    <subfield code="4">0</subfield>
    <subfield code="5">1</subfield>
    <subfield code="7">0</subfield>
    <subfield code="8">GRAL</subfield>
    <subfield code="a">IA_</subfield>
    <subfield code="b">IA_</subfield>
    <subfield code="d">1993-10-04</subfield>
    <subfield code="e">Compra Librer&#xED;a Patena F. 238 / R. (04/10/1993)</subfield>
    <subfield code="g">122.00</subfield>
    <subfield code="i">C/e</subfield>
    <subfield code="l">0</subfield>
    <subfield code="o">637.1 B44 1990</subfield>
    <subfield code="p">1102003720</subfield>
    <subfield code="r">2022-01-18 00:00:00</subfield>
    <subfield code="t">Ej. 1</subfield>
    <subfield code="y">LIBRO</subfield>
  </datafield>
  <datafield tag="952" ind1=" " ind2=" ">
    <subfield code="0">0</subfield>
    <subfield code="1">0</subfield>
    <subfield code="2">ddc</subfield>
    <subfield code="4">0</subfield>
    <subfield code="5">5</subfield>
    <subfield code="7">0</subfield>
    <subfield code="8">GRAL</subfield>
    <subfield code="a">IA_</subfield>
    <subfield code="b">IA_</subfield>
    <subfield code="d">1993-10-04</subfield>
    <subfield code="e">Compra Librer&#xED;a Patena F. 238 / R. (04/10/1993)</subfield>
    <subfield code="g">122.00</subfield>
    <subfield code="i">C/e</subfield>
    <subfield code="l">2</subfield>
    <subfield code="o">637.1 B44 1990</subfield>
    <subfield code="p">1102003721</subfield>
    <subfield code="r">2024-09-18 10:30:43</subfield>
    <subfield code="s">2024-09-11</subfield>
    <subfield code="t">Ej. 2</subfield>
    <subfield code="w">2022-01-18</subfield>
    <subfield code="y">LIBRO</subfield>
  </datafield>
  <datafield tag="952" ind1=" " ind2=" ">
    <subfield code="0">0</subfield>
    <subfield code="1">0</subfield>
    <subfield code="2">ddc</subfield>
    <subfield code="4">0</subfield>
    <subfield code="5">5</subfield>
    <subfield code="7">0</subfield>
    <subfield code="8">GRAL</subfield>
    <subfield code="a">IA_</subfield>
    <subfield code="b">IA_</subfield>
    <subfield code="d">1993-12-07</subfield>
    <subfield code="e">Compra Librer&#xED;a Patena F. 7065 / R. (07/12/1993)</subfield>
    <subfield code="g">71000.00</subfield>
    <subfield code="i">C/e</subfield>
    <subfield code="l">2</subfield>
    <subfield code="o">637.1 B44 1990</subfield>
    <subfield code="p">1102003722</subfield>
    <subfield code="r">2024-05-20 00:00:00</subfield>
    <subfield code="s">2024-05-20</subfield>
    <subfield code="t">Ej. 3</subfield>
    <subfield code="w">2022-01-18</subfield>
    <subfield code="y">LIBRO</subfield>
  </datafield>
  <datafield tag="952" ind1=" " ind2=" ">
    <subfield code="0">0</subfield>
    <subfield code="1">0</subfield>
    <subfield code="2">ddc</subfield>
    <subfield code="4">0</subfield>
    <subfield code="5">5</subfield>
    <subfield code="7">0</subfield>
    <subfield code="8">GRAL</subfield>
    <subfield code="a">IA_</subfield>
    <subfield code="b">IA_</subfield>
    <subfield code="d">1993-05-28</subfield>
    <subfield code="e">Compra Librer&#xED;a Patena F. 091 / R. (28-05-93)</subfield>
    <subfield code="g">152.00</subfield>
    <subfield code="i">C/e</subfield>
    <subfield code="l">2</subfield>
    <subfield code="o">637.1 B44 1990</subfield>
    <subfield code="p">1102003768</subfield>
    <subfield code="r">2025-06-02 18:16:33</subfield>
    <subfield code="s">2025-06-02</subfield>
    <subfield code="t">Ej. 4</subfield>
    <subfield code="y">LIBRO</subfield>
  </datafield>
</record>
